Prehistoric Marine Life #1 - Statistics

General Stats
  • This quiz has been taken 57 times
  • The average score is 4 of 26
Answer Stats
Answer % Correct
Mosasaurus
78%
Megalodon
63%
Plesiosaurus
52%
Elasmosaurus
41%
Kronosaurus
33%
Liopleurodon
28%
Basilosaurus
22%
Helicoprion
20%
Archelon
15%
Dakosaurus
9%
Hybodus
9%
Nothosaurus
9%
Cretoxyrhina
7%
Livyatan
7%
Hyneria
4%
Leedsicthys
2%
Rhizodus
2%
Squalicorax
2%
Stethacantus
2%
Xenacanthus
2%
Eusthenopteron
0%
Haliasaurus
0%
Mawsonia
0%
Onchoporis
0%
Protosphyraena
0%
Ptychodus
0%
No matching quizzes found
Score Distribution
Percent of People with Each Score
Percentile by Number Answered
Your Score History
You have not taken this quiz